02150nam a2200205Ia 4500008004100000040001800041041000800059100006200067245020000129260005100329300006600380500062400446504002801070505061801098506002201716650004601738650002301784651008701807700005001894130821s1889 sp ab gr spa  aCo-BoUCMbspa0 aspa1 aRagozin, Zénaide A.q (Zénaide Alexeievna)d1835-192410aHistoria de Caldeabdesde los tiempos más remotos hasta el origen de Asiriacobra escrita en inglés... por Zénaida A. Ragozin ; versión española... por Juan de Dios de la Rada y Delgado aMadrid (España)bEl progreso editorialc1889 axxiii, 391, [2], xv páginasbilustraciones, mapas, grabados aDetalles físicos: Encuadernación rígida en tela encolada, con una ilustración en las tapas, repujado y a color, firmado P. Caycedo y en su tapa posterior en un recuadro como margen emblema de la editorial; lomo con un escudo y letras en dorado. Guardas en papel de gran calidad. Anteportada con un pequeño emblema, seguida de una ilustración. Portada impresa a una sola tinta. Texto impreso en una columna con márgenes amplios, ilustraciones y mapas entre el texto a color y a blanco y negro. Papel de buena calidad, con algunas manchas de humedad. Al final un catalogo de publicaciones de la editorial. aIncluye bibliografía.0 aIntroducción. ; Mesopotamia. ; Layard y su obra. ; Las ruinas. ; El libro de la antigüedad. - La biblioteca de Ninive. - Caldea: Nómadas y pobladores. - Cuatro periodos de cultura. ; Las grandes razas. - Capítulo X del génesis. ; Caldea Turania. - Shumir y Accad. - Los principios de su religión. ; Apéndice al capítulo III. ; Cushitar y semitas. - Historia primitiva de Caldea. ; Religión Babilónica. ; Leyenda e historias. ; Mitos. - Héroes y epopeyas míticas. ; Religión y mitología. - Idolatría y antropomorfismo. - Leyenda caldea y el libro del génesis. - Ojeda retrospectiva. aConsulta en sala.04aHistoria antiguaxObras anteriores a 190004aHistoria de Europa 4aAsiria (Mesopotamia, Oriente Próximo)xHistoria antiguaxObras anteriores a 19001 aRada y Delgado, Juan de Dios de lad1827-1901